Арабела (Запис номер 2894)
[ съкратено ]
| 000 -Лидер | |
|---|---|
| Контролно поле с фиксирана дължина | 01322nam a2200313 c 4500 |
| 003 - Код на организацията, давaща контролен номер | |
| Контролно поле | BLK |
| 005 - Дата и час на последна редакция | |
| Контролно поле | 20180422093240.0 |
| 008 - Елементи от данни с фиксирана дължина | |
| fixed length control field | 180412b bul|||||r ||||||| ||bul|| |
| 010 ## - Наследен системен номер | |
| LC control number | KNG00003922000 |
| 040 ## - Източник на каталожния запис | |
| Идентификатор на билиотеката - собственик на записа | BLK |
| 041 ## - Код за език | |
| Код за езика на текст/звукозапис или на отделно заглавие | Български |
| Код за езика КДБФ | Български |
| 080 ## - УДК | |
| Текстов определител УДК | Американска литература (на САЩ) |
| УДК код - определител по УДК | 821.111(73) |
| УДК определител | -31 |
| УДК - код + определител | 821.111(73)-31 |
| 100 1# - Редна дума - Автор | |
| Автор | Уинзор, Катлин |
| Авторска отговорност | първи автор |
| R(LIN) | 246482 |
| 139 ## - Редно поле | |
| Редна дума | Уинзор, Катлин |
| Авторски знак | Уин - У 41 |
| 245 10 - Сведения за заглавието | |
| Заглавие | Арабела |
| Подзаглавни данни | Роман |
| Редно поле (дума) | Катлин Уинзор; прев. от англ. Николай Тодоров; прев. от англ. Мария Петрова. |
| 257 ## - Страна на издаване | |
| Страна на създаване/издаване | Съединени американски щати |
| 260 ## - Област на издателските данни | |
| -- | В. Търново |
| Име на издателя, разпространителя и проч. | Орион |
| Година на издаване | 1994 |
| 300 ## - Физическа характеристика | |
| Страници | 256 с. |
| Размери/Мащаб | 20 см |
| 380 ## - Жанр | |
| Жанр | Худож. лит. |
| 500 ## - Общи забележки | |
| Забележка | Ориг. загл. Robert and Arabella / Kathleen Winsor. - 8 000 тир. |
| 653 ## - Ключова дума – ненормативна | |
| Ключова дума | романтична проза |
| 700 1# - Други автори (авторска отговорност) | |
| Лично име | Тодоров, Николай |
| Автороска отговорност (Описва отношението между автора и произведението) | прев. от англ. |
| Друга информация | Николай Тодоров |
| 9 (RLIN) | 363506 |
| 700 1# - Други автори (авторска отговорност) | |
| Лично име | Петрова, Мария |
| Автороска отговорност (Описва отношението между автора и произведението) | прев. от англ. |
| Друга информация | Донкова, Мария Петрова |
| 9 (RLIN) | 246483 |
| 852 ## - Местоположение | |
| Форматна сигнатура | Цб 181351 |
| 856 4# - Електронен адрес и достъп | |
| Електронен формат | pdf - файл |
| Път до файла /url/ | |
| 856 4# - Електронен адрес и достъп | |
| Електронен формат | pdf - файл |
| Път до файла /url/ | |
| 942 ## - АРТИКУЛИ | |
| Вид на библиотечния материал | Книги |
| Скрит в OPAC | Не |
| 944 ## - СЪЗДАВАНЕ И РЕДАКЦИЯ на ЗАПИСА | |
| Създаване/Редакция | Създаване |
| Дата на регистрацията/редакция | 15.01.2003 |
| Статус, дата на статуса | ф / |
| Служител, извършил регистрацията/редакцията | Валя_Йорданова |
| 944 ## - СЪЗДАВАНЕ И РЕДАКЦИЯ на ЗАПИСА | |
| Създаване/Редакция | Редакция |
| Дата на регистрацията/редакция | 12.02.2015 |
| Статус, дата на статуса | ф / |
| Служител, извършил регистрацията/редакцията | Симона_Петрова |
| 999 ## - СИСТЕМНИ КОНТРОЛНИ НОМЕРА | |
| Koha biblionumber | 2894 |
| Koha biblioitemnumber | 2894 |
| Код за отписване | Код за изгубен артикул | Източник на класификационната схема | Код за повреда | Коз за рестрикции | Код за отдаване | Артикулен № | Име на библиотеката - собственик | Име на библиотеката, в която се намира в момента | Статус (Текущо местоположение) | Дата на вписване в системата | Местоположение - отдел | Цена в лева | Инвентарен номер | Систематично азбучна сигнатура | Баркод | Номер на екземпляра | Цена в евро | Служебна бележка | Служебен тип на артикула |
|---|---|---|---|---|---|---|---|---|---|---|---|---|---|---|---|---|---|---|---|
| Изтеглен | Не е изгубен | Universal Decimal Classification | Не е повреден | без рестрикции | заемане за дома | 5283 | Регионална библиотека "Любен Каравелов" Русе | Регионална библиотека "Любен Каравелов" Русе | Заемна - подръчен фонд | 2009-09-25 | Заемна - подръчен фонд | 3.00 | 120000738615 | П 820(73)-31/У 41 | 120000738615 | 1 | 1.53 | Дост: DA Вид: А N: 12 Дата: 25.09.2009 Дата инв: 13.02.2018 Бележки инв: П2018 | Книги |
| Не е изгубен | Universal Decimal Classification | Не е повреден | без рестрикции | ползва се в читалня | 5284 | Регионална библиотека "Любен Каравелов" Русе | Регионална библиотека "Любен Каравелов" Русе | Хранилище | 1994-01-01 | Хранилище | 1.00 | 606169 | Цб 181351 | 120000606169 | 2 | 0.51 | Дост: Dp Вид: Д N: стар фонд Дата: 01.01.1994 Дата инв: 12.02.2015 Бележки инв: Цб2015 | Книги |